|
|
|
|
| LEADER |
00000nab a2200000 a 4500 |
| 001 |
vtls000581237 |
| 003 |
SK-MaSNL |
| 005 |
20260304021614.0 |
| 008 |
120930c1996 xo 0 slo |
| 015 |
|
|
|a SNBRB19rr/mm-uuuuu
|
| 035 |
|
|
|a CL0581375
|
| 040 |
|
|
|a SNKBUCL
|b slo
|c SNKBUCL
|e AACR2
|
| 041 |
0 |
|
|a slo
|
| 044 |
|
|
|a xo
|c SK
|
| 080 |
|
|
|a 292
|2 1981
|
| 245 |
0 |
0 |
|a Do krajiny, kde žili "ľudia rovní bohom"
|
| 300 |
|
|
|b Fotogr. 1
|
| 650 |
0 |
7 |
|a grécka mytológia
|2 SNKPH
|9 67447
|
| 650 |
0 |
7 |
|a grécki bohovia
|2 SNK
|9 211933
|
| 655 |
|
7 |
|a články z novín a časopisov
|2 SNK
|9 267496
|
| 773 |
0 |
|
|t Práca
|g Roč. 51, č. 86 (13. 4. 1996)
|
| 773 |
0 |
|
|t [Príl.] Turnus
|g (1996), s. 22
|
| 850 |
|
|
|a Slovenská národná knižnica v Martine
|a MTA001
|
| 852 |
|
|
|a SNK
|b KIS3GCP
|
| 958 |
|
|
|a RK
|
| 992 |
|
|
|a RBX
|
| 999 |
|
|
|c 2606813
|d 2608743
|